| 000 | 00487nam a2200157 i 4500 | ||
|---|---|---|---|
| 001 | 76700 | ||
| 003 | ES-MaACL | ||
| 005 | 20230906172927.0 | ||
| 007 | t| | ||
| 008 | 030107s1964 sp ||||1| spa d | ||
| 100 | 1 |
_aVelasco de Toledo, Julián. _9113753 |
|
| 245 | 1 | 0 |
_aGuías de Burgos _b: catedral / _cpor Julián Velasco de Toledo. |
| 260 |
_a[Burgos : _bs.n., _c1956] ( _fTall. Gráf. Diario de Burgos) |
||
| 300 |
_a62 p. : _bil. ; _c22 cm. |
||
| 852 |
_aES-MaACL _j2009-F-11 _bR.40482 |
||
| 999 |
_c76700 _d76700 |
||